000 00908nam a2200301Ia 4500
003 OSt
005 20221007124927.0
006 a|||||r|||| 00| 0
007 ta
008 221006b |||||||| |||| 00| 0 eng d
020 _a9781119347248 (pbk)
024 _a199959
037 _b5824, 27/02/2019, Sanchit Book Service
_cTextual
040 _aCDL
_cCDL
_beng
041 _2eng
_aeng
082 _aE5:4, Q8 Carc
100 _aStarkey Laurie S
_9721034
245 0 _aIntroduction to strategies for organic synthesis
250 _a2
260 _aHoboken
_bJohn Wiley
_c2018
300 _axxi, 399p. ill.
_ccm.
500 _aIndex 389-399p.
650 _a Organic compounds
650 _a Synthesis of alkenes
_9721035
650 _aChemistry
942 _hE5:4, Q8 Carc
_cTEXL
_2CC
999 _c1214392
_d1214392